Main currents in sociological thought / (Record no. 58205)
[ view plain ]
| 000 -LEADER | |
|---|---|
| fixed length control field | 01368nam a2200337 a 4500 |
| 001 - CONTROL NUMBER | |
| control field | 58205 |
| 003 - CONTROL NUMBER IDENTIFIER | |
| rucl marc code | BD-RJUL |
| 005 - DATE AND TIME OF LATEST TRANSACTION | |
| control field | 20211209080609.0 |
| 008 - FIXED-LENGTH DATA ELEMENTS--GENERAL INFORMATION | |
| fixed length control field | 161217r19681965enk b 001 0 eng d |
| 020 ## - INTERNATIONAL STANDARD BOOK NUMBER | |
| International Standard Book Number | 014013834X (pbk) |
| International Standard Book Number | 014020959X (v.1) |
| International Standard Book Number | 014021092X (v.2) |
| 035 ## - SYSTEM CONTROL NUMBER | |
| System control number | 014021092X |
| System control number | BD-RJUL 58329 |
| 040 ## - CATALOGING SOURCE | |
| Original cataloging agency | ERF |
| Transcribing agency | ERF |
| Modifying agency | m/c |
| -- | EQO |
| Language of cataloging | eng |
| 041 1# - LANGUAGE CODE | |
| Language code of text/sound track or separate title | eng |
| Language code of original | fre |
| 082 ## - DEWEY DECIMAL CLASSIFICATION NUMBER | |
| Edition number | 23 |
| Classification number | 301.09 |
| Author mark and year | ARM 1968 |
| 100 1# - MAIN ENTRY--PERSONAL NAME | |
| Personal name | Aron, Raymond, |
| Dates associated with a name | 1905-1983. |
| 9 (RLIN) | 172897 |
| 245 10 - TITLE STATEMENT | |
| Title | Main currents in sociological thought / |
| Statement of responsibility, etc. | Raymond Aron ; translated [from the French] by Richard Howard and Helen Weaver. |
| 260 ## - PUBLICATION, DISTRIBUTION, ETC. (IMPRINT) | |
| Place of publication, distribution, etc. | Harmondsworth : |
| Name of publisher, distributor, etc. | Penguin, |
| Date of publication, distribution, etc. | 1968-1970. |
| 300 ## - PHYSICAL DESCRIPTION | |
| Pagination | 2 v. ; |
| Size | 18 cm. |
| 500 ## - GENERAL NOTE | |
| General note | First published in the U.S.A. 1965-1967. -- First published in Great Britain: Weidenfeld and Nicolson, 1965-1968. -- Volume 1 first published in Pelican Books 1968. -- Volume 2 first published in Pelican Books 1970. |
| 504 ## - BIBLIOGRAPHY, ETC. NOTE | |
| Bibliography, etc | Includes bibliographies and indices. |
| 505 0# - FORMATTED CONTENTS NOTE | |
| Formatted contents note | Contents: Vol. 1. Montesquieu. Comte. Marx. Tocqueville. The sociologists and the Revolution of 1848 -- v. 2. Durkheim. Pareto. Weber. |
| 650 #0 - SUBJECT ADDED ENTRY--TOPICAL TERM | |
| Topical term or geographic name as entry element | Sociology |
| General subdivision | History. |
| 9 (RLIN) | 172898 |
| 700 1# - ADDED ENTRY--PERSONAL NAME | |
| Personal name | Howard, Richard, |
| Dates associated with a name | 1929- |
| Personal name | Weaver, Helen, |
| Dates associated with a name | 1931- |
| 830 #0 - SERIES ADDED ENTRY--UNIFORM TITLE | |
| Uniform title | Pelican books. |
| 942 ## - ADDED ENTRY ELEMENTS (KOHA) | |
| Source of classification or shelving scheme | Dewey Decimal Classification |
| Koha item type | Books |
| Lost status | Source of classification or shelving scheme | Damaged status | Not for loan | Collection code | Permanent Location | Current Location | Shelving location | Date acquired | Source of acquisition | Cost, normal purchase price | Total Checkouts | Full call number | Date last seen | Copy number | Koha item type |
|---|---|---|---|---|---|---|---|---|---|---|---|---|---|---|---|
| Dewey Decimal Classification | Not For Loan | Non-fiction | Central Library, University of Rajshahi | Central Library, University of Rajshahi | Reading Room | 02/04/1996 | Tisha photo. Raj. | 390.00 | 301.09 ARM V-1 1968 | 17/12/2016 | C-1 | Books |